书目信息 |
| 题名: |
以案说法
|
|
| 作者: | 林嘉 主编 | |
| 分册: | 保险法篇 | |
| 出版信息: | 北京 中国人民大学出版社 2004 |
|
| 页数: | 344页 | |
| 开本: | 20cm | |
| 丛书名: | 以案说法丛书 | |
| 单 册: | ||
| 中图分类: | D922.284.5 , D920.5 , D920.5 | |
| 科图分类: | ||
| 主题词: | 案例--分析--中国--现代 , 保险法--案例--分析--中国--现代 | |
| 电子资源: | ||
| ISBN: | 7-300-05864-7 | |
| 000 | 01013nam0 2200313 450 | |
| 000 | 00997nam0 2200301 450 | |
| 000 | 00924nam0 2200277 450 | |
| 000 | 00887oam2 2200265 450 | |
| 005 | 20070724091721.68 | |
| 010 | @a7-300-05864-7@dCNY18.00 | |
| 100 | @a20051124d2004 em y0chiy0110 ea | |
| 101 | 0 | @achi |
| 102 | @aCN@b110000 | |
| 105 | @ay zn 000yy | |
| 200 | 1 | @a以案说法@AYi An Shuo Fa@i保险法篇@IBao Xian Fa Pian@f主编林嘉@FZhu Bian Lin Jia |
| 210 | @a北京@c中国人民大学出版社@d2004 | |
| 215 | @a344页@d20cm | |
| 225 | 2 | @a以案说法丛书@i民商法系列 |
| 308 | @a丛书主编 曾宪义 | |
| 330 | @a本书的篇章结构尽量按照《保险法》的体例安排, 共分总则、财产保险、人身保险、保险中介四个部分。 | |
| 410 | 0 | @12001 @a以案说法丛书@i民商法系列 |
| 606 | 0 | @a案例@x分析@y中国@z现代 |
| 606 | 0 | @a保险法@x案例@x分析@y中国@z现代 |
| 690 | @aD922.284.5@v4 | |
| 690 | @aD920.5@v4 | |
| 690 | @aD920.5@v3 | |
| 701 | 0 | @a林嘉@ALin Jia@4主编 |
| 801 | 0 | @aCN@bTAOJIN@c20070724 |
| 905 | @a10447@dD920.5@e703 | |
| 以案说法.保险法篇/主编林嘉.-北京:中国人民大学出版社,2004 |
| 344页;20cm.-(以案说法丛书.民商法系列) |
| ISBN 7-300-05864-7:CNY18.00 |
| 本书的篇章结构尽量按照《保险法》的体例安排, 共分总则、财产保险、人身保险、保险中介四个部分。 |
| ● |
| 相关链接 |
|
|
|
|
正题名:以案说法
索取号:D920.5/703
 
预约/预借
| 序号 | 登录号 | 条形码 | 馆藏地/架位号 | 状态 | 备注 |
| 1 | 0824052 | 208240526 | 第一样本阅览室/ [索取号:D920.5/703] | 在馆 | |
| 2 | 0824053 | 208240535 | 密集书库/ [索取号:D920.5/703] | 在馆 | |
| 3 | 0824054 | 208240544 | 密集书库/ [索取号:D920.5/703] | 在馆 | |
| 4 | 0824055 | 208240553 | 第一借阅区/ [索取号:D920.5/703] | 在馆 | |
| 5 | 0824056 | 208240562 | 第一借阅区/ [索取号:D920.5/703] | 在馆 | |
| 6 | 0824057 | 208240571 | 第一借阅区/ [索取号:D920.5/703] | 在馆 | |
| 7 | 0824058 | 208240580 | 第一借阅区/ [索取号:D920.5/703] | 在馆 | |
| 8 | 0824059 | 208240599 | 密集书库/ [索取号:D920.5/703] | 在馆 |